Tajemství lásky /

Hlavní autor: Jilík, Fanek, 1914-1994
Další autoři: Pálka, Ladislav, 1945-
Jazyk: Čeština
Vydáno: Buchlovice : Veligrad, 2014
Vydání: 1. vyd.
Témata:
Externí odkaz: Digitalizovaný dokument
Fyzický popis: 149 s. : il., portréty ; 21 cm
Knihy
Uloženo v:
LEADER 01535nam a2200421 a 4500
001 nkc20142584790
003 CZ PrNK
005 20140627085738.0
007 ta
008 140415s2014 xr ac g 000 j cze
015 |a cnb002584790 
020 |a 978-80-905279-4-2  |q (váz.)  |z 978809052794 
035 |a (OCoLC)883371826 
040 |a BOA001  |b cze 
072 7 |a 821.162.3-3  |x Česká próza  |2 Konspekt  |9 25 
080 |a 821.162.3-32  |2 MRF 
080 |a (0:82-32)  |2 MRF 
080 |a (0:82-4)  |2 MRF 
080 |a (082.21)  |2 MRF 
100 1 |a Jilík, Fanek,  |d 1914-1994  |7 jk01051712  |4 aut 
245 1 0 |a Tajemství lásky /  |c Fanek Jilík ; [ilustrace Ladislav Pálka] 
250 |a 1. vyd. 
260 |a Buchlovice :  |b Veligrad,  |c 2014 
300 |a 149 s. :  |b il., portréty ;  |c 21 cm 
655 7 |a české povídky  |7 fd133971  |2 czenas 
655 7 |a fejetony  |7 fd132252  |2 czenas 
655 7 |a výbory  |7 fd133853  |2 czenas 
655 9 |a Czech short stories  |2 eczenas 
655 9 |a feuilletons  |2 eczenas 
655 9 |a selected works  |2 eczenas 
700 1 |a Pálka, Ladislav,  |d 1945-  |7 xx0043272  |4 ill 
856 4 1 |u http://www.digitalniknihovna.cz/mzk/uuid/uuid:c4e2d890-11e6-11e6-8bb0-005056827e52  |y Digitalizovaný dokument  |x NDK 
910 2 |a BOA001  |b 2-1328.552 
990 |a BK 
995 |a 01 
991 |b 201406  |c NOV  |e b 
996 6 |b 2610593971  |c 2-1328.552  |l MZK  |r Sklad / do 1 hodiny  |n 0  |p p.v.  |w 001428590  |u 000010  |a 1  |e BOA001  |j MZK50  |s P 
996 7 |b 2610623184  |c 2-1328.552  |l MZK  |r Sklad / do 1 hodiny  |n 1  |p dar  |w 001428590  |u 000020  |a 1  |e BOA001  |j MZK50  |s A